Institutionum medicinae practicae

Elmentve itt :
Bibliográfiai részletek
Szerző: Borsieri de Kanilfeld Giambattista
Dokumentumtípus: Könyv
Megjelent: Sumpt. Caspari Fritsch Lipsiae 1787
Kiadás:Editio nova
Kulcsszavak:Orvostudomány
Online Access:http://misc.bibl.u-szeged.hu/45620
LEADER 00711nam a2200193 i 4500
001 misc45620
005 20200717143136.0
008 200422s1787 hu o 0|| lat d
040 |a SZTE Miscellanea Repozitórium  |b hun 
041 |a lat 
100 2 |a Borsieri de Kanilfeld Giambattista 
245 1 0 |a Institutionum medicinae practicae  |h [elektronikus dokumentum] /  |c  Borsieri de Kanilfeld Giambattista 
260 |a Sumpt. Caspari Fritsch  |b Lipsiae  |c 1787 
250 |a Editio nova 
300 |a VI, 560 p.  |c 21 cm 
561 |a Poór Imre hagyaték 
591 |a Prof. Dr. Poór Ferenc ajándéka (pecsét) 
695 |a Orvostudomány 
856 4 0 |u http://misc.bibl.u-szeged.hu/45620/1/borklinika_080_003.pdf  |z Dokumentum-elérés